000 00619nam a22002051a 4500
999 _c555
_d555
008 190917s2015 ii ||||g |||| 00| 0 eng d
020 _a9789382732785
040 _aKO
_beng
041 0 _aeng
044 _aii
082 0 4 _223
_a954
_bG4472
110 _aNational Council of Educational Research and Training (Delhi, India)
245 1 0 _aGist of NCERT Indian History /
_cNational Council of Educational Research and Training (Delhi, India)
260 _aDelhi :
_bKalinjar Publications,
_c2015
300 _a140 p. ;
_c24 cm.
650 0 _aIndia
_xHistory
_vTextbooks
904 _aS_JOY
942 _cBK